LEADER 01701cam--2200481---450 001 990001137950203316 005 20180123120225.0 010 $a88-7075-563-0 035 $a000113795 035 $aUSA01000113795 035 $a(ALEPH)000113795USA01 035 $a000113795 100 $a20030327d2002----km-y0enga50------ba 101 0 $aita 102 $aIT 105 $ay|||z|||001yy 200 1 $aDefinire e catalogare le risorse elettroniche$eun'introduzione a ISBD (er), AACR2 e metadati$fStefano Gambari, Mauro Guerrini$gsaggio introduttivo di Paul Gabriele Weston 210 $aMilano$cEditrice Bibliografica$d2002 215 $a457 p.$d21 cm 225 2 $aBibliografia e biblioteconomia$v63 410 0$12001$aBibliografia e biblioteconomia$v, 63 606 0 $aPubblicazioni elettroniche$xCatalogazione$2BNCF 676 $a025.344 700 1$aGAMBARI,$bStefano$044073 701 1$aGUERRINI,$bMauro$f<1953- >$05520 702 1$aWESTON,$bPaul Gabriele 801 0$aIT$bsalbc$gISBD 912 $a990001137950203316 951 $aC/o Uff. Catalogazione$b166055 L.M.$cC/o Uff. Catalogazione$d00095420 951 $aII.1. 10$b2494 DLM$cII.1. 959 $aBK 969 $aUMA 969 $aDISPAC 979 $aMARIA$b10$c20030327$lUSA01$h1057 979 $aPAOLA$b90$c20030513$lUSA01$h1026 979 $aPAOLA$b90$c20030513$lUSA01$h1031 979 $aPAOLA$b90$c20030513$lUSA01$h1058 979 $aPAOLA$b90$c20030513$lUSA01$h1231 979 $aPATRY$b90$c20040406$lUSA01$h1719 979 $aDILAM$b90$c20060322$lUSA01$h1213 979 $aANNAMARIA$b90$c20111017$lUSA01$h1104 996 $aDefinire e catalogare le risorse elettroniche$9105022 997 $aUNISA